000 00737nam a2200229Ii 4500
003 JO-AjNU
008 230605s9999||||xx |||||||||||||| ||und||
017 _a1427/2117
020 _a9960-53-043-3
040 _aJO-AjNU
_bara
_erda
_cJO-AjNU
041 _aara
050 1 4 _aBJ1291 2006
100 3 _aإعداد البرهمي، أحمد علي ,
_eauthor
_949126
245 0 0 _aسحابة من الأخلاق والذوق
250 _aط1
264 3 1 _aالرياض: دار القاسم للنشر والتوزيع، 2006
300 _a72ص
336 _atext
_btxt
_2rdacontent
337 _aunmediated
_bn
_2rdamedia
338 _avolume
_bnc
_2rdacarrier
650 4 _aالاخلاق - الاخلاق الاسلامية
_949127
999 _aA21558
_c25126
_d25126